02274nam a2200337Ia 450000500170000000800410001704000530005804100080011104100080011924500540012724600260018124600210020726000700022830000460029850004160034450803590076051101730111954600840129258600720137665000600144865000210150865000560152965000230158565000440160865000330165270000270168571000240171271000190173676500240175585601570177920140728172134.0130821s1988 xxu g q mlmul d aCO-BoUCMbspacOscar Anaya (modificó)d[Nuevo] aeng aspa00aMississippi BurningcAlan Parker, directorh[DVD]13aMississippi en llamas13aArde Mississippi aSanta Mónica (California, Estados Unidos)bOrion Picturesc1988 a1 DVD, 127 minutosbimagen, sonido, color aSINOPSIS : Basada en sucesos reales. En 1964, en un pueblo de la América profunda donde el racismo está profundamente arraigado en la mente de la mayoría de los blancos, y donde el Ku Klux Klan todavía celebra sus actos y reuniones, tres activistas defensores de los derechos humanos desaparecen sin dejar rastro. Dos agentes del FBI, de caracteres muy diferentes, se harán cargo de la investigación aCRÉDITOS: Dirigida por Alan Parker ; escrita por Chris Gerolmo ; producida por Robert F. Colesberry ; música por Trevor Jones ; fotografía por Peter Biziou ; diseño de producción por Philip Harrison ; dirección de arte por John Willett ; ambientación por Jim Erickson ; vestuario por Aude Bronson-Howard ; maquillaje por David Craig Forrest0 aREPARTO: Gene Hackman, Willem Dafoe, Frances McDormand, Brad Dourif, R. Lee Ermey, Gailard Sartain, Stephen Tobolowsky, Michael Rooker, Pruitt Taylor Vince, Badja Djola aAudio en inglés, francés y español. Subtítulos en francés y español aGanadora de un premio Oscar de la Academia, 1989 (mejor película)04aActivistas de los derechos humanoszEstados UnidosvDVD04aDerechos humanos04aPelículas cinematográficaszEstados UnidosvDVD04aProblemas sociales04aProblemas socialeszEstados UnidosvDVD04aRacismozEstados UnidosvDVD1 aParker, Alanedirector2 aMetro-Goldwyn-Mayer2 aOrion Pictures0 tMississippi Burning40uhttp://www.youtube.com/watch?v=SUtlJwfNEtIzSiga este enlace para ver el trailerzTrailer tomado del canal MOVIECLIPS Classic Trailers vía YouTube.com